Programming . JAVA An Introduction to Programming Using Java (Record no. 6862)

MARC details
000 -LEADER
fixed length control field 00463nam a2200169Ia 4500
008 - FIXED-LENGTH DATA ELEMENTS--GENERAL INFORMATION
fixed length control field 221030s9999 xx 000 0 und d
020 ## - INTERNATIONAL STANDARD BOOK NUMBER
ISBN 9814057606
041 ## - LANGUAGE CODE
Language code of text/sound track or separate title
082 ## - DEWEY DECIMAL CLASSIFICATION NUMBER
Classification number 105.23
Item number Dec
100 ## - MAIN ENTRY--AUTHOR NAME
Personal name R. Decker
245 #0 - TITLE STATEMENT
Title Programming . JAVA An Introduction to Programming Using Java
Statement of responsibility, etc by R. Decker, S. Hirshfield
260 ## - PUBLICATION, DISTRIBUTION, ETC. (IMPRINT)
Name of publisher Book / Cole Pub
Place of publication Australia
Year of publication 2000
300 ## - PHYSICAL DESCRIPTION
Number of Pages 617
650 ## - SUBJECT ADDED ENTRY--TOPICAL TERM
Topical Term BE Computer
700 ## - ADDED ENTRY--PERSONAL NAME
Personal name S. Hirshfield
942 ## - ADDED ENTRY ELEMENTS (KOHA)
Koha item type Books
Holdings
Accession Number Cost, normal purchase price Full call number Price effective from Koha item type Withdrawn / writtenoff status Materials specified (bound volume or other part) Damaged status Not for loan Permanent Location Current Location Shelving location Date acquired Lost/ Missing status department
BE 2489 315.00 105.23 Dec 10/30/2022 Books   Print     MIET Library, Jammu MIET Library, Jammu BL-Academic Block C, FL-2, CUP-92, SH-5, R-5 02/02/2001   BE
BE 2490 315.00 105.23 Dec 10/30/2022 Books   Print     MIET Library, Jammu MIET Library, Jammu BL-Academic Block C, FL-2, CUP-92, SH-5, R-5 02/02/2001   BE